| 000 | 00461nam a22001697a 4500 | ||
|---|---|---|---|
| 003 | LK-CoMWRAF | ||
| 005 | 20231024121523.0 | ||
| 008 | 231024b |||||||| |||| 00| 0 eng d | ||
| 040 |
_aLK-CoMWRAF _dLK-CoMWRAF _eLK-CoMWRAF |
||
| 082 |
_a294.3443 _bFIG |
||
| 100 | _aFigen, Dorothy | ||
| 245 | _aBeginning insight meditation | ||
| 260 |
_aKandy : _bBuddhist publication society, _c1980 |
||
| 490 | _aBodhi leaves ; No. B85 | ||
| 650 | _aMeditation | ||
| 942 | _cBK | ||
| 999 |
_c3991 _d3991 |
||